| Tag |
First Indicator |
Second Indicator |
Subfields |
| LEADER |
00000cam a2200000 a 4500 |
| 001 |
in00000091156 |
| 005 |
20150923131406.0 |
| 008 |
810626s1980 nju b 10100 eng d |
| 020 |
|
|
|a 0391017969
|
| 035 |
|
|
|a (OCoLC)07534398
|
| 035 |
|
|
|9 AAK6745AM
|
| 040 |
|
|
|a DRU
|c DRU
|d TXA
|d UtOrBLW
|
| 043 |
|
|
|a a-ii---
|a f------
|
| 049 |
|
|
|a TXAM
|c [1443306]
|
| 090 |
|
|
|a DT38.9 I4
|b I49 l980a
|
| 092 |
|
|
|a 327.5406
|b I39i
|
| 245 |
0 |
0 |
|a India and Africa /
|c edited by R.R. Ramchandani.
|
| 264 |
|
1 |
|a Atlantic Highlands, N.J. :
|b Humanities Press,
|c 1980.
|
| 300 |
|
|
|a xiii, 314 pages ;
|c 22 cm.
|
| 336 |
|
|
|a text
|b txt
|2 rdacontent
|
| 337 |
|
|
|a unmediated
|b n
|2 rdamedia
|
| 338 |
|
|
|a volume
|b nc
|2 rdacarrier
|
| 500 |
|
|
|a "Papers presented at an All India Workshop organised by the Centre of East African Studies of the University of Bombay"--foreword.
|
| 504 |
|
|
|a Includes bibliographical references and index.
|
| 650 |
|
0 |
|a East Indians
|z Africa.
|
| 651 |
|
0 |
|a Africa
|x Relations
|z India.
|
| 651 |
|
0 |
|a India
|x Relations
|z Africa.
|
| 700 |
1 |
|
|a Ramchandani, Ram R.
|
| 710 |
2 |
|
|a University of Bombay.
|b Centre of East African Studies.
|
| 999 |
|
|
|a MARS
|
| 999 |
f |
f |
|s cc92e16d-284e-3a67-8e7c-5a3bcfd2d749
|i cd5a664e-c787-3983-8f71-9db294ad9573
|t 0
|
| 952 |
f |
f |
|p ric
|a Texas A&M University
|b Rellis Campus
|c Joint Library Facility
|d Remote Storage
|t 0
|e DT38.9 I4 I49 l980a
|h Library of Congress classification
|i unmediated -- volume
|m A14806049944
|
| 998 |
f |
f |
|a DT38.9 I4 I49 l980a
|t 0
|l Remote Storage
|